[Event "Werder IM-Turnier 2018"]
[Site "Bremen"]
[Date "2018.06.18"]
[Round "3"]
[White "Grabarczyk, Miroslaw"]
[Black "Charmeteau, Sven"]
[Result "0-1"]
[WhiteElo "2402"]
[BlackElo "2287"]
[Annotator "TA"]
[PlyCount "164"]
[EventDate "2018.06.16"]
[EventType "tourn"]
[EventCountry "GER"]
[SourceTitle "playchess.com"]
[Source "ChessBase"]
[SourceQuality "1"]

{[%evp 23,164,8,9,-3,0,0,0,-58,-57,-50,-34,-55,-41,-55,-47,-44,-49,-64,-58,-106,-106,-92,-66,-105,-104,-98,-92,-95,-99,-117,-117,-117,-119,-120,-114,-112,-111,-106,-105,-112,-87,-95,-72,-150,-110,-114,0,-151,-129,-209,-194,-237,-231,-232,-220,-231,-231,-241,-242,-304,-314,-312,-277,-296,-275,-399,-392,-389,-389,-360,-228,-385,-366,-359,-366,-352,-255,-364,-326,-323,-185,-305,-300,-508,-493,-629,-621,-431,-38,-39,-39,-29972,-29974,-29974,-29975,-29974,-29976,-29976,-29977,-29975,-29978,-29978,-29979,-29979,-29980,-29980,-29979,-29979,-29980,-29980,-29980,-29980,-29980,-29980,0,-29980,0,-29980,0,-29980,-29973,-29974,-29976,-29984,-29985,-29985,-29986,-29986,-29987,-29987,-29988,-29988,-29989,-29989,-29990,-29990,-29991,-29991,-29992,-29994,-29995,-29995,-29996]} 1. d4 Nf6 2. c4 g6 3. Nf3 Bg7 4. g3 c6 5. Bg2 d5 6. Qb3 O-O 7. O-O Qb6 8. Nc3 Rd8 9. Rd1 {D78: Fianchetto Grünfeld: 6 0-0 c6} Bf5 10. Ne1 dxc4 11. Qxc4 Na6 12. e4 Be6 {LiveBook: 11 Games} 13. d5 cxd5 14. exd5 Bg4 15. Bf3 (15. Be3 $11 Qxb2 16. Rdb1) 15... Rac8 $15 16. Qe2 Bxf3 17. Nxf3 Nb4 {[%cal Rb4d5]} 18. Be3 Qa5 {[%cal Rf6d5]} 19. d6 $1 Rxd6 20. Rxd6 exd6 21. Qb5 Qxb5 22. Nxb5 Ne4 $36 {[%mdl 2048] Strongly threatening ...Nc2. Black fights for an advantage.} 23. Bxa7 Bxb2 24. Rb1 Rc1+ 25. Rxc1 Bxc1 26. a4 Nc6 27. Bb6 Kf8 28. Kf1 Ke7 29. Ke2 Bb2 30. Kd3 f5 31. Kc4 Bf6 32. Be3 Kd7 33. h4 (33. Nd2 $142) 33... Na5+ 34. Kb4 Nc6+ 35. Kc4 Ne7 36. Kd3 (36. Nd2 $17 {was called for.}) 36... Nd5 $19 37. Ba7 Ndc3 38. Nxc3 Nxc3 {[%mdl 4096] Endgame KBN-KBN} 39. a5 Ne4 $1 40. Kc4 Kc6 $1 41. Nd4+ Bxd4 $1 42. Bxd4 {KB-KN} Nd2+ $1 43. Kb4 Nf3 $1 {[%cal Rf3d4]} 44. Ba7 {[#]} (44. Bb6 $142) 44... f4 $1 {[%mdl 512]} 45. Bb6 (45. gxf4 Nxh4) 45... h5 46. Kc4 Ng1 47. Kd3 $2 (47. gxf4 Kd7 48. Bd4) 47... Kd5 $1 48. gxf4 Nf3 49. Bd8 Nd4 50. Bb6 (50. Bf6 $142 Ne6 51. Bg5) 50... Nf5 51. Bd8 Ng7 (51... Kc5 $142 52. Kc3 Kb5) 52. Bf6 (52. Bb6 {was forced.}) 52... Ne6 $1 {[%cal Re6f4]} 53. Ke3 $2 (53. Kc3 {might work better.} Nxf4 54. Kb4) 53... Kc4 54. Ke4 {intending f5.} d5+ 55. Ke5 d4 $2 (55... Nd4 $1 $19 56. Kd6 Nb3) 56. f5 $15 d3 57. Bg5 $2 {[%mdl 8192]} ({Not} 57. fxe6 $2 d2 $19) (57. fxg6 $15 d2 58. Kxe6) 57... Nxg5 58. fxg6 {[#]} Ne6 $1 {[%mdl 512]} 59. Kxe6 {KP-KP} d2 60. g7 d1=Q 61. Kf7 {[#]} Qd5+ $1 62. Kf8 Qf5+ 63. Kg8 Qxa5 64. Kh8 Qc3 65. Kh7 Qd3+ 66. Kh8 Qd4 67. Kh7 Qe4+ 68. Kh8 Qd4 69. Kh7 Qd3+ 70. Kh8 Qd4 71. Kh7 {[#]} Qxg7+ $1 {[%mdl 512] Black mates.} 72. Kxg7 {KPP-KPP} Kd5 73. f4 Ke4 74. Kg6 Kxf4 75. Kxh5 {KP-KP} b5 76. Kg6 b4 77. h5 b3 78. h6 b2 79. h7 b1=Q+ 80. Kg7 Qb7+ 81. Kg8 Kf5 82. h8=Q Kg6 {Precision: White = 36%, Black = 70%.} 0-1

[Event "Werder IM-Turnier 2018"]
[Site "Bremen"]
[Date "2018.06.18"]
[Round "3"]
[White "Reuker, Jari"]
[Black "Osmanodja, Filiz"]
[Result "0-1"]
[WhiteElo "2389"]
[BlackElo "2352"]
[Annotator "TA"]
[PlyCount "50"]
[EventDate "2018.06.16"]
[EventType "tourn"]
[EventCountry "GER"]
[SourceTitle "playchess.com"]
[Source "ChessBase"]
[SourceQuality "1"]

{[%evp 11,50,0,24,5,-3,-6,9,-10,14,15,10,7,0,-43,-54,-66,-73,-114,-45,-50,-47,-53,0,-25,-43,-63,-36,-94,-103,-214,-190,-493,-492,-484,-474,-543,-533,-798,-476,-1425,-1293]} 1. d4 Nf6 2. c4 e6 3. Nc3 Bb4 4. Qc2 O-O 5. a3 Bxc3+ 6. Qxc3 h6 {LiveBook: 55 Games} 7. f3 {E32: Nimzo-Indian: Classical (4 Qc2): 4...0-0} d5 8. cxd5 exd5 9. Bf4 {The position is equal.} c6 10. e3 Nh5 11. Be5 Nd7 12. g4 Nxe5 13. dxe5 {0-0-0 is the strong threat.} Qh4+ 14. Ke2 {[#]} Ng3+ $1 {[%mdl 512]} 15. hxg3 $15 Qxh1 16. Kf2 $1 {Hoping for Bg2.} Bxg4 (16... f5 $15 17. Bg2 Qh2) 17. Bg2 Qh5 $1 {Threatens to win with ...f6.} 18. fxg4 Qxg4 {aiming for ...Rae8.} 19. Nf3 {[#]} ({Only move:} 19. Bh3 $1 $15 Qh5 20. Kg2) 19... f6 $1 $17 {[%cal Rf6e5] Strongly threatening ...fxe5.} 20. Rh1 (20. e6 $17 {might work better.}) 20... fxe5 $19 21. Qxe5 $2 {[#]} (21. Rh4 {is tougher.} Qg6 22. e4) 21... Rxf3+ $1 {[%mdl 512] Black is clearly winning.} 22. Bxf3 Rf8 23. Ke1 Rxf3 24. Rg1 Qc4 {White must now prevent ...Qc2.} 25. Qb8+ (25. Qc3 $142 Qe4 26. Ke2) 25... Rf8 {Precision: White = 23%, Black = 53%.} 0-1

[Event "Werder IM-Turnier 2018"]
[Site "Bremen"]
[Date "2018.06.18"]
[Round "3"]
[White "Skliarov, Viktor"]
[Black "Ahlander, Bjorn"]
[Result "1-0"]
[WhiteElo "2359"]
[BlackElo "2435"]
[Annotator "TA"]
[PlyCount "119"]
[EventDate "2018.06.16"]
[EventType "tourn"]
[EventCountry "GER"]
[SourceTitle "playchess.com"]
[Source "ChessBase"]
[SourceQuality "1"]

{[%evp 20,119,16,9,20,13,17,10,17,0,0,0,0,0,10,-5,41,0,0,-22,-19,-19,0,-46,-49,-154,0,0,0,0,7,0,74,70,53,13,55,59,113,141,106,19,17,4,8,0,8,12,9,0,0,0,25,38,26,28,33,15,32,31,31,39,61,58,59,58,114,104,119,104,250,239,728,697,574,624,4606,2525,12839,12818,29953,29960,29968,29969,29969,29970,29966,598,29972,29974,29971,29977,29978,29979,29979,29980,29981,29982,29982,29983,29982,29983]} 1. e4 c5 2. Nf3 d6 3. d4 cxd4 4. Qxd4 Nc6 5. Bb5 Bd7 6. Bxc6 Bxc6 7. Nc3 e5 {B53: Sizilianisch (Ungarische Variante)} 8. Qc4 h6 9. O-O Nf6 10. Rd1 Qc8 11. b3 {LiveBook: 3 Partien} Qe6 12. Nd5 Bxd5 13. exd5 Qd7 14. Qe2 Be7 15. c4 O-O 16. Bb2 Rae8 17. Rac1 Bd8 18. b4 Nh5 19. Nd2 Nf4 20. Qf3 f5 21. c5 Bg5 {Droht ...e4 und aus.} 22. c6 ({Günstiger ist} 22. Rc2 $15) 22... Qe7 $2 {[#]} (22... Qf7 $17 23. Ra1 e4) 23. Rc2 $36 {[%mdl 2048] Weiss hat Druck.} e4 24. Qb3 Qf7 {Und weiter mit ...Dh5 wäre nett.} 25. Nf1 Bf6 {[#]} (25... Nd3 $11) 26. Bxf6 $1 $16 Qxf6 27. Qe3 ({Doch nicht} 27. cxb7 Re7 $11) 27... Qg5 {[%csl Gf4][%cal Rg5g2]} 28. Qg3 Qxg3 (28... b5 $14) 29. hxg3 Nd3 30. cxb7 (30. b5 $16) 30... Re7 $11 31. a3 Rxb7 32. Rc6 Rb6 33. Ne3 Ne5 $1 {[%cal Re5c6]} 34. Rxb6 axb6 {[%mdl 4096] Endspiel KTS-KTS} 35. a4 {[%cal Ba3a4,Ba4a5][%mdl 32]} g5 36. a5 f4 37. gxf4 gxf4 38. Nf1 Nd3 39. axb6 Rb8 40. f3 Rxb6 41. fxe4 Nxb4 42. Kf2 Rb8 ({Besser ist} 42... Na6 $14) 43. Kf3 $16 Rf8 44. Nd2 Nd3 (44... Kg7 $16 45. Nc4 Rf6) 45. Nc4 $18 Ne5+ $2 (45... Rc8 46. Nxd6 (46. Rxd3 Rxc4 47. Ra3 Kf7 $18) 46... Rc3) 46. Nxe5 dxe5 {KT-KT} 47. Kg4 Kg7 48. d6 {[%cal Bd5d6,Bd6d7][%mdl 32]} Kf6 49. d7 h5+ 50. Kxh5 Rh8+ 51. Kg4 Rg8+ 52. Kf3 Rd8 53. Rd5 (53. Ke2 $142 Kf7 54. Rd5 Ke6 55. Kf3 Kf6 56. Kf2 Ke6 57. Ke2 Kf7 58. Rxe5 Rxd7 59. Rf5+ Kg6 60. Kf3) 53... Ke6 54. Ke2 {Weiß setzt Matt.} f3+ 55. Kxf3 Kf6 56. Ke3 Ke6 57. Kd3 Kf6 58. Kc4 Kg5 59. Rxe5+ Kf4 60. Re7 {Precision: Weiß = 62%, Schwarz = 33%.} 1-0

[Event "Werder IM-Turnier 2018"]
[Site "Bremen"]
[Date "2018.06.18"]
[Round "3"]
[White "Wachinger, Nikolas"]
[Black "Molchanov, Oleksii"]
[Result "1/2-1/2"]
[WhiteElo "2292"]
[BlackElo "2350"]
[Annotator "TA"]
[PlyCount "78"]
[EventDate "2018.06.16"]
[EventType "tourn"]
[EventCountry "GER"]
[SourceTitle "playchess.com"]
[Source "ChessBase"]
[SourceQuality "1"]

{[%evp 22,78,25,10,12,14,13,10,20,12,8,5,6,0,0,0,12,3,27,-48,-46,-50,-47,-85,-78,-85,-74,-78,-75,-146,-144,-145,-70,-79,-76,-85,-86,-97,-86,-94,-21,-33,-15,-15,-24,-73,-8,-8,0,0,0,0,0,0,0,0,0,0,0]} 1. e4 c6 {[%cal Bc7c6,Bc6c5][%mdl 32]} 2. d4 d5 3. e5 Bf5 4. Nf3 e6 5. Be2 c5 6. Be3 Qb6 7. Nc3 Nc6 8. O-O {B12: Caro-Kann: Advance Variation} Qxb2 9. Qe1 cxd4 10. Bxd4 Nxd4 11. Nxd4 Bb4 12. Rb1 {LiveBook: 16 Games} Bxc3 13. Rxb2 Bxe1 14. Rxe1 b6 $1 15. h4 {With the idea g4.} h5 16. Nb5 Kf8 17. Nd6 Ne7 18. c4 dxc4 19. Bxc4 Rd8 20. g3 {[#]} ({White should play} 20. Bb3 $11) 20... g5 $1 $15 {[%mdl 512]} 21. hxg5 h4 22. Kg2 hxg3 23. fxg3 Rg8 24. Rf2 Rxg5 25. Ref1 (25. Bb3 $142) 25... Rd7 $17 26. Bb3 Ng6 (26... Rc7 $17 27. Rf3 Rc5) 27. Nxf5 $15 exf5 28. e6 Rd3 29. exf7 Rdxg3+ 30. Kh1 f4 (30... Kg7 $17 31. Rd1 R3g4) 31. Rd1 $11 Kg7 {[#] And now ...Ne5 would win.} 32. Rd8 $1 {[%cal Rd8g8] Black must now prevent Rg8+.} Nf8 33. Rd4 f3 (33... Rg1+ $17 34. Kh2 R1g4) 34. Kh2 {The position is equal.} Rg2+ 35. Rxg2 Rxg2+ (35... fxg2 $5 36. Kg1 $8 b5 $11) 36. Kh3 Ng6 37. Rd8 {Hoping for Rg8+.} Nf4+ 38. Kh4 Ng6+ 39. Kh3 {Rg8+ is the strong threat.} Nf4+ {Precision: White = 63%, Black = 60%.} 1/2-1/2

[Event "Werder IM-Turnier 2018"]
[Site "Bremen"]
[Date "2018.06.18"]
[Round "3"]
[White "Kardoeus, David"]
[Black "Grigorian, Spartak"]
[Result "0-1"]
[WhiteElo "2226"]
[BlackElo "2359"]
[Annotator "TA"]
[PlyCount "82"]
[EventDate "2018.06.16"]
[EventType "tourn"]
[EventCountry "GER"]
[SourceTitle "playchess.com"]
[Source "ChessBase"]
[SourceQuality "1"]

{[%evp 19,82,-9,0,-45,-33,-77,-70,-96,-89,-92,-91,-71,-81,-76,-64,-72,-84,-85,-22,-83,-40,-81,-21,-24,-38,-26,-49,-141,-139,-140,-141,-112,-102,-119,-32,-111,0,0,0,-399,-389,-402,-379,-385,-412,-386,-383,-488,-486,-452,-326,-467,-483,-435,0,0,0,-178,-127,-162,-146,-529,-513,-535,-527]} 1. e4 c5 2. Nf3 d6 3. d4 cxd4 4. Nxd4 Nf6 5. Nc3 a6 6. Bg5 e6 7. f4 h6 8. Bh4 Qb6 9. Qd3 {B96: Sicilian Najdorf: 6 Bg5 e6 7 f4, lines other than 7...Qb6 and 7...Be7} Qxb2 10. Rb1 Qa3 {LiveBook: 36 Games} 11. Bxf6 {The position is equal.} gxf6 12. Nb3 Nd7 13. Qd4 Be7 14. Be2 h5 15. O-O b5 16. Kh1 Bb7 17. Rf3 h4 18. Rh3 Bc6 (18... Nc5 $17 {aiming for ...b4.} 19. Nd2 Qa5) 19. Re1 (19. Qd1 $11) 19... Rc8 $17 20. Bg4 Rc7 (20... Bd8 $17 21. Qd1 Bb7) 21. Nd5 $11 Bxd5 ({Much worse is} 21... exd5 $6 22. exd5 Bb7 23. Rhe3 $14) 22. exd5 e5 23. Bxd7+ ({Better is} 23. Qd2 $15) 23... Kxd7 $17 24. fxe5 fxe5 25. Qg4+ Ke8 26. Rf3 Qxa2 ({Black should try} 26... h3 $17 27. gxh3 Qxa2) 27. h3 $15 Rc4 (27... Qxc2 $2 28. Rc1 $19) ({Wrong is} 27... Rxc2 $2 28. Ra1 $18) (27... Rf8 $17 {Threatens to win with ...Rc4.} 28. Rf2 Qa4) 28. Qg7 $11 Rf8 29. Ra1 $2 {[%mdl 8192] [#]} (29. Ref1 $11 {and White is okay.} f6 30. R3f2) 29... Qxc2 $19 30. Rxa6 Qd1+ 31. Kh2 Qxd5 32. Ra7 e4 {[%cal Be5e4,Be4e3][%mdl 32]} 33. Rf2 e3 34. Re2 Re4 35. Na5 (35. Rc2 $142 e2 36. Rc8+ Bd8 37. Rxd8+ Kxd8 38. Qxf8+ Re8 39. Ra8+ Qxa8 40. Qxd6+ Kc8 41. Qc5+ Kd7 42. Qf5+ Re6 43. Qxf7+ Kd6 44. Qf4+ Ke7 45. Qxh4+ Rf6 46. Qh7+ Kd6 47. Qh4) 35... Qe5+ 36. Qxe5 Rxe5 $2 ({Black should play} 36... dxe5 $19 37. Rb7 f5) 37. Nc6 $11 Bf6 38. g3 $2 (38. Nxe5 $11 Bxe5+ 39. Kg1) 38... hxg3+ $19 39. Kg2 {[#] Ra8+ is the strong threat.} Re6 {Hoping for ...Rh8.} 40. Kf3 $2 {[%mdl 8192]} (40. Ra8+ $17 {is more resistant.} Kd7 41. Nb8+ Rxb8 42. Rxb8) 40... Rh8 41. Rc2 Kf8 {Precision: White = 42%, Black = 56%.} 0-1

[Event "Werder IM-Turnier 2018"]
[Site "Bremen"]
[Date "2018.06.19"]
[Round "4"]
[White "Grigorian, Spartak"]
[Black "Ahlander, Bjorn"]
[Result "1-0"]
[WhiteElo "2359"]
[BlackElo "2435"]
[Annotator "TA"]
[PlyCount "107"]
[EventDate "2018.06.16"]
[EventType "tourn"]
[EventCountry "GER"]
[SourceTitle "playchess.com"]
[Source "ChessBase"]
[SourceQuality "1"]

{[%evp 19,107,0,13,10,17,10,19,25,25,25,25,24,21,20,27,23,35,31,28,37,29,27,25,0,42,33,52,0,16,0,44,0,44,42,49,44,44,28,27,30,37,-14,45,45,51,38,47,25,30,28,54,56,109,83,109,109,109,109,109,109,109,66,278,66,272,0,73,73,73,76,2127,1887,3818,3314,29967,29974,29982,29983,29986,29987,29990,29988,29988,29989,29989,29990,29990,29991,29991,29992]} 1. Nf3 d5 2. c4 e6 3. g3 Nf6 4. Bg2 Be7 5. O-O O-O 6. b3 c5 7. Bb2 Nc6 8. e3 b6 9. Nc3 Ba6 10. Qe2 {A14: English Opening: 1...e6 with b3 by White} (10. d3 Rc8 11. Qe2 Qd7 12. Rad1 Rfd8 13. h3 Qe8 14. Rfe1 h6 15. a3 Bb7 16. Qc2 Rd7 17. Ne2 Nh7 18. h4 Bf6 19. cxd5 Rxd5 {½-½ (48) Eljanov,P (2739)-Harikrishna,P (2752) Baku 2016}) 10... Qd7 {LiveBook: 11 Games} 11. d4 cxd4 12. exd4 {The position is equal.} Rac8 13. Ne5 Qc7 14. Nb5 Bxb5 15. cxb5 Nxe5 16. dxe5 {And now Rfc1 would win.} Nd7 $146 ({Predecessor:} 16... Ne4 17. Bxe4 dxe4 18. Qxe4 {½-½ (35) Ertl,L (2268)-Evans,G (2296) ICCF email 2006}) 17. Rac1 Qb7 18. a3 Rxc1 19. Rxc1 Rc8 20. Rxc8+ Qxc8 21. b4 Bg5 22. f4 Be7 23. Bh3 Nf8 24. Qd3 Qc7 25. Bg4 g6 26. h4 Nd7 27. Kg2 Bf8 28. Bd1 Bg7 29. Qe2 Kf8 30. Bc2 (30. h5 $14) 30... Ke7 (30... f6 $11) 31. h5 $14 Kf8 32. Bd3 Kg8 33. Qg4 {[%cal Rh5g6]} Qd8 34. Qh3 Nb8 35. Qh1 Qc7 (35... Nd7 $14) 36. Qh4 Qd7 37. Kf2 Bf8 38. g4 Be7 39. Qh3 Bd8 40. f5 {Threatens to win with f6.} Qe7 $2 {[#]} (40... Bg5 $1 $14) 41. hxg6 $2 ({Weaker is} 41. fxg6 fxg6 42. hxg6 hxg6 $16) (41. f6 $1 $18 Qe8 42. hxg6 fxg6 43. g5) 41... fxg6 $2 (41... Qh4+ $1 $14 42. Qxh4 Bxh4+ 43. Kf3 hxg6) 42. fxg6 $2 $40 {[%mdl 128] Black needs to defend precisely.} ({Better is} 42. f6 $18 Qf7 43. Be2) 42... Qh4+ (42... hxg6 $11 43. Bxg6 Nd7) 43. Qxh4 $16 Bxh4+ {[%mdl 4096] Endgame KBB-KBN} 44. Kf3 h6 $2 {[%mdl 8192] [#]} (44... hxg6 $16 45. Bxg6 Be1) 45. Bf5 $1 $18 {[%cal Rf5e6][%mdl 512]} exf5 46. gxf5 {[%cal Bg4f5,Bf5f6][%mdl 32] Intending e6 and mate.} Nd7 47. Kg4 {White mates.} Bg5 48. f6 Nf8 49. Kf5 Be3 50. e6 Nxe6 51. Kxe6 d4 52. Ke7 Bg5 53. Bxd4 h5 54. Ke6 {Precision: White = 58%, Black = 32%.} 1-0

[Event "Werder IM-Turnier 2018"]
[Site "Bremen"]
[Date "2018.06.19"]
[Round "4"]
[White "Osmanodja, Filiz"]
[Black "Grabarczyk, Miroslaw"]
[Result "1/2-1/2"]
[WhiteElo "2352"]
[BlackElo "2402"]
[Annotator "NA"]
[PlyCount "47"]
[EventDate "2018.06.16"]
[EventType "tourn"]
[EventCountry "GER"]
[SourceTitle "playchess.com"]
[Source "ChessBase"]
[SourceQuality "1"]
[TimeControl "40/5400+30:1800+30"]

1. e4 {[%emt 0:00:00]} e5 {[%emt 0:00:09]} 2. Nf3 {[%emt 0:00:00]} Nf6 {[%emt 0:00:20]} 3. Nxe5 {[%emt 0:00:00]} d6 {[%emt 0:00:07]} 4. Nf3 {[%emt 0:00:00]} Nxe4 {[%emt 0:00:10]} 5. Nc3 {[%emt 0:00:00]} Nf6 {[%emt 0:00:18]} 6. d4 {[%emt 0:00:00]} Be7 {[%emt 0:00:26]} 7. Bd3 {[%emt 0:01:02]} Bg4 {[%emt 0:00:53]} 8. h3 {[%emt 0:01:26]} Bh5 {[%emt 0:00:40]} 9. Bf4 {[%emt 0:01:16]} O-O {[%emt 0:05:59]} 10. g4 {[%emt 0:07:02]} Bg6 {[%emt 0:01:22]} 11. d5 {[%emt 0:04:22]} Re8 {[%emt 0:09:19]} 12. Bxg6 {[%emt 0:02:13]} hxg6 {[%emt 0:02:36]} 13. Qd2 {[%emt 0:04:24]} Bf8+ {[%emt 0:00:41]} 14. Be3 {[%emt 0:05:27]} Nbd7 {[%emt 0:02:32]} 15. O-O-O {[%emt 0:03:32]} Nb6 {[%emt 0:00:16]} 16. Bg5 {[%emt 0:14:14]} Qd7 {[%emt 0:02:29]} 17. Qf4 {[%emt 0:11:37]} Nh7 {[%emt 0:03:36]} 18. Bh4 {[%emt 0:02:21]} c6 {[%emt 0:14:55]} 19. g5 {[%emt 0:07:22]} Nxd5 {[%emt 0:17:10]} 20. Nxd5 {[%emt 0:03:59]} cxd5 {[%emt 0:00:06]} 21. Rxd5 {[%emt 0:07:59]} Rac8 {[%emt 0:00:29]} 22. c3 {[%emt 0:04:19]} Rc5 {[%emt 0:18:17]} 23. Qd2 {[%emt 0:06:26]} Qa4 {[%emt 0:07:49]} 24. Kb1 {[%emt 0:12:59] Qe4+Rd3Rd5 [%clk 0:00:00] Rd1 [%clk 0:00:00]} 1/2-1/2

[Event "Werder IM-Turnier 2018"]
[Site "Bremen"]
[Date "2018.06.19"]
[Round "4"]
[White "Molchanov, Oleksii"]
[Black "Reuker, Jari"]
[Result "1/2-1/2"]
[WhiteElo "2350"]
[BlackElo "2389"]
[Annotator "NA"]
[PlyCount "130"]
[EventDate "2018.06.16"]
[EventType "tourn"]
[EventCountry "GER"]
[SourceTitle "playchess.com"]
[Source "ChessBase"]
[SourceQuality "1"]
[TimeControl "40/5400+30:1800+30"]

1. c4 {[%emt 0:00:00]} Nf6 {[%emt 0:00:13]} 2. Nf3 {[%emt 0:00:21]} e6 {[%emt 0:00:07]} 3. e3 {[%emt 0:00:28]} d5 {[%emt 0:00:20]} 4. b3 {[%emt 0:00:27]} Be7 {[%emt 0:00:36]} 5. Bb2 {[%emt 0:00:25]} O-O {[%emt 0:01:03]} 6. Nc3 {[%emt 0:00:35]} dxc4 {[%emt 0:01:10] A13: English Opening: 1...e6} (6... b6 7. cxd5 Nxd5 8. Nxd5 exd5 9. Qc2 c5 10. a3 Nc6 11. Bb5 Bb7 12. O-O Rc8 13. Rac1 a6 14. Be2 d4 {½-½ (36) Carlsen,M (2843)-Karjakin,S (2782) Stavanger 2018}) 7. Bxc4 {[%emt 0:06:40]} a6 {[%emt 0:00:11]} 8. d4 {[%emt 0:01:22]} b5 {[%emt 0:01:24]} 9. Be2 {[%emt 0:11:40]} Bb7 {[%emt 0:03:11]} 10. O-O {[%emt 0:00:07]} c5 $146 {[%emt 0:03:50]} ({Predecessor:} 10... Nbd7 11. Rc1 c5 12. dxc5 Nxc5 13. Qxd8 Rfxd8 14. Rfd1 {0-1 (45) Lie,K (2537)-Yatzenko,A (2356) chess.com INT 2017}) 11. dxc5 {[%emt 0:05:32]} Bxc5 {[%emt 0:01:39]} 12. Qxd8 {[%emt 0:05:27]} Rxd8 {[%emt 0:00:14]} 13. Rac1 {[%emt 0:04:02]} Nbd7 {[%emt 0:01:30]} 14. Rfd1 {[%emt 0:00:49]} Rac8 {[%emt 0:01:56]} 15. Nb1 {[%emt 0:03:48]} Nd5 {[%emt 0:18:46]} 16. Ne5 {[%emt 0:13:02]} Nxe5 {[%emt 0:05:16]} 17. Bxe5 {[%emt 0:00:11]} f6 {[%emt 0:02:00]} 18. Bb2 {[%emt 0:00:57]} Bb6 {[%emt 0:02:27]} 19. Bf3 {[%emt 0:01:55]} Rxc1 {[%emt 0:07:57]} 20. Rxc1 {[%emt 0:00:56]} Rd7 {[%emt 0:01:22]} 21. Rd1 {[%emt 0:06:30]} Rc7 {[%emt 0:05:14]} 22. Rc1 {[%emt 0:02:18]} Rxc1+ {[%emt 0:02:40]} 23. Bxc1 {[%emt 0:00:02]} Kf7 {[%emt 0:02:27]} 24. Kf1 {[%emt 0:01:33]} e5 {[%emt 0:02:09]} 25. Bd2 {[%emt 0:03:51]} Ke6 {[%emt 0:01:16]} 26. Nc3 {[%emt 0:05:35]} Bc6 {[%emt 0:01:22]} 27. Nxd5 {[%emt 0:03:09]} Bxd5 {[%emt 0:00:05]} 28. Bxd5+ {[%emt 0:03:33]} Kxd5 {[%emt 0:00:04]} 29. Ke2 {[%emt 0:00:25]} h5 {[%emt 0:04:23]} 30. f3 {[%emt 0:02:20]} e4 {[%emt 0:00:10]} 31. f4 {[%emt 0:02:47]} Ke6 {[%emt 0:04:48]} 32. h3 {[%emt 0:02:53]} Kf5 {[%emt 0:00:06]} 33. g3 {[%emt 0:00:33]} Bc5 {[%emt 0:01:45]} 34. Bc3 {[%emt 0:02:25]} Bf8 {[%emt 0:03:13]} 35. Be1 {[%emt 0:00:50]} Ke6 {[%emt 0:01:38]} 36. g4 {[%emt 0:00:50]} hxg4 {[%emt 0:00:06]} 37. hxg4 {[%emt 0:00:02]} f5 {[%emt 0:00:16]} 38. gxf5+ {[%emt 0:00:48]} Kxf5 {[%emt 0:00:07]} 39. Bc3 {[%emt 0:00:28]} g6 {[%emt 0:01:57]} 40. Bd4 {[%emt 0:01:01]} Ba3 {[%emt 0:32:03]} 41. Kd2 {[%emt 0:31:35]} Kg4 {[%emt 0:00:30]} 42. Ke2 {[%emt 0:00:02]} Kf5 {[%emt 0:01:31]} 43. Kd2 {[%emt 0:00:12]} Bb4+ {[%emt 0:00:09]} 44. Ke2 {[%emt 0:00:14]} Ke6 {[%emt 0:01:19]} 45. Bg7 {[%emt 0:02:15]} Bc5 {[%emt 0:03:18]} 46. Bc3 {[%emt 0:00:33]} Kd5 {[%emt 0:00:25]} 47. Kd2 {[%emt 0:01:16]} Be7 {[%emt 0:00:44]} 48. Ke2 {[%emt 0:00:47]} Bh4 {[%emt 0:01:15]} 49. Kd2 {[%emt 0:00:43]} Bd8 {[%emt 0:00:16]} 50. Ke2 {[%emt 0:00:07]} a5 {[%emt 0:00:06]} 51. Kd2 {[%emt 0:00:42]} a4 {[%emt 0:00:25]} 52. Ke2 {[%emt 0:00:17]} Be7 {[%emt 0:00:19]} 53. Kd2 {[%emt 0:01:40]} Ba3 {[%emt 0:01:08]} 54. Kd1 {[%emt 0:01:05]} Kc5 {[%emt 0:00:30]} 55. Bf6 {[%emt 0:03:45]} Kd5 {[%emt 0:02:15]} 56. Bc3 {[%emt 0:00:16]} Ke6 {[%emt 0:00:21]} 57. Ke2 {[%emt 0:00:25]} Kf5 {[%emt 0:00:06]} 58. Kd2 {[%emt 0:00:32]} Be7 {[%emt 0:01:00]} 59. Ke2 {[%emt 0:00:00]} Bc5 {[%emt 0:00:00]} 60. Bd2 {[%emt 0:00:00]} Ba3 {[%emt 0:00:00]} 61. Bc3 {[%emt 0:00:00]} Bc1 {[%emt 0:00:00]} 62. Bd4 $11 {[%emt 0:00:00]} Ke6 {[%emt 0:00:00]} 63. Kd1 {[%emt 0:00:00]} Ba3 {[%emt 0:00:00]} 64. Bc3 {[%emt 0:00:00]} Bc5 {[%emt 0:00:00]} 65. Ke2 {[%emt 0:00:00]} Be7 {[%emt 0:00:00]} 1/2-1/2